ARRUPE JESUIT UNIVERSITY

CORONAVIRUS -STOP THE SPREAD - CLEAN,DISINFECT,COVER

Intelligence : (Record no. 123179)

MARC details
000 -LEADER
fixed length control field 00940mam a2200313 a 4500
001 - CONTROL NUMBER
control field 3002063
005 - DATE AND TIME OF LATEST TRANSACTION
control field 20150828104344.0
008 - FIXED-LENGTH DATA ELEMENTS--GENERAL INFORMATION
fixed length control field 010504s2001 enka b 001 0 eng d
010 ## - LIBRARY OF CONGRESS CONTROL NUMBER
LC control number 2001269139
015 ## - NATIONAL BIBLIOGRAPHY NUMBER
National bibliography number GBA0-V1394
020 ## - INTERNATIONAL STANDARD BOOK NUMBER
International Standard Book Number 0192893211
035 ## - SYSTEM CONTROL NUMBER
System control number (OCoLC)ocm45439346
035 ## - SYSTEM CONTROL NUMBER
System control number (NNC)3002063
040 ## - CATALOGING SOURCE
Original cataloging agency UKM
Transcribing agency DLC
Modifying agency UKM
042 ## - AUTHENTICATION CODE
Authentication code lccopycat
050 00 - LIBRARY OF CONGRESS CALL NUMBER
Classification number BF431
Item number .D285 2001
082 00 - DEWEY DECIMAL CLASSIFICATION NUMBER
Classification number 153.9
Edition number 21
100 1# - MAIN ENTRY--PERSONAL NAME
Personal name Deary, Ian J.
9 (RLIN) 19144
245 10 - TITLE STATEMENT
Title Intelligence :
Remainder of title a very short introduction /
Statement of responsibility, etc Ian J. Deary.
260 ## - PUBLICATION, DISTRIBUTION, ETC. (IMPRINT)
Place of publication, distribution, etc Oxford ;
-- New York :
Name of publisher, distributor, etc Oxford University Press,
Date of publication, distribution, etc 2001.
300 ## - PHYSICAL DESCRIPTION
Extent 132 p. :
Other physical details ill. ;
Dimensions 18 cm.
490 1# - SERIES STATEMENT
Series statement Very short introductions ;
Volume number/sequential designation 39
504 ## - BIBLIOGRAPHY, ETC. NOTE
Bibliography, etc Includes bibliographical references and index.
650 #0 - SUBJECT ADDED ENTRY--TOPICAL TERM
Topical term or geographic name as entry element Intellect.
9 (RLIN) 14396
650 #0 - SUBJECT ADDED ENTRY--TOPICAL TERM
Topical term or geographic name as entry element Intelligence levels.
9 (RLIN) 19145
830 #0 - SERIES ADDED ENTRY--UNIFORM TITLE
Uniform title Very short introductions ;
Volume number/sequential designation 39.
9 (RLIN) 19146
942 ## - ADDED ENTRY ELEMENTS (KOHA)
Source of classification or shelving scheme Library of Congress Classification
Item type Monograph ( Printed materials)
Holdings
Withdrawn status Lost status Source of classification or shelving scheme Damaged status Not for loan Collection code Home library Current library Shelving location Date acquired Total Checkouts Full call number Barcode Date last seen Date last borrowed Price effective from Koha item type
    Library of Congress Classification     Main Collection ARRUPE LIBRARY ARRUPE LIBRARY Main Collection 28/08/2015 1 BF431 .D285 2001 46500004068 07/05/2019 16/04/2019 28/08/2015 Monograph ( Printed materials)

 

Arrupe Library. PO Box MP320 Mt Pleasant, Harare, Zimbabwe
263 242 745411|librarian@aju.ac.zw